Hechos de Israel / (Registro nro. 4800)
[ vista simple ]
| 000 -LEADER | |
|---|---|
| fixed length control field | 01011nam a2200241Ia 4500 |
| 003 - CONTROL NUMBER IDENTIFIER | |
| control field | OSt |
| 005 - DATE AND TIME OF LATEST TRANSACTION | |
| control field | 20201005115237.0 |
| 008 - FIXED-LENGTH DATA ELEMENTS--GENERAL INFORMATION | |
| fixed length control field | 191128s2006 es aodbgq 000 0 spa d |
| 040 ## - CATALOGING SOURCE | |
| Original cataloging agency | CO-JMCR |
| Transcribing agency | CO-JMCR |
| 041 1# - LANGUAGE CODE | |
| Language code of text/sound track or separate title | spa |
| Language code of original | eng |
| 082 04 - DEWEY DECIMAL CLASSIFICATION NUMBER | |
| Classification number | 956.94 / |
| Item number | B456h |
| Edition number | 23 |
| 100 1# - MAIN ENTRY--PERSONAL NAME | |
| Personal name | Ben-Haim, Ruth, |
| Relator term | editora |
| 9 (RLIN) | 11178 |
| 245 10 - TITLE STATEMENT | |
| Title | Hechos de Israel / |
| Statement of responsibility, etc. | Editado por Ruth Ben-Haim ; traducido por Esther Benger |
| 260 ## - PUBLICATION, DISTRIBUTION, ETC. | |
| Place of publication, distribution, etc. | Jerusalén : |
| Name of publisher, distributor, etc. | Centro de Información de Israel, |
| Date of publication, distribution, etc. | 2006 |
| 300 ## - PHYSICAL DESCRIPTION | |
| Extent | 275 páginas : |
| Other physical details | ilustraciones, fotografías, gráficos y mapas a color ; |
| Dimensions | 20 cm. |
| 505 0# - FORMATTED CONTENTS NOTE | |
| Formatted contents note | Historia -- El Estado -- La tierra -- El pueblo -- Salud y servicios sociales -- Educación -- Ciencia y tecnología -- Economía -- Cultura -- Entre las naciones |
| 546 ## - LANGUAGE NOTE | |
| Language note | Traducido del íngles |
| 651 #4 - SUBJECT ADDED ENTRY--GEOGRAPHIC NAME | |
| Geographic name | Israel |
| General subdivision | historia |
| 9 (RLIN) | 11179 |
| 651 #4 - SUBJECT ADDED ENTRY--GEOGRAPHIC NAME | |
| Geographic name | Israel |
| General subdivision | condiciones económicas y sociales |
| 9 (RLIN) | 11180 |
| 651 #4 - SUBJECT ADDED ENTRY--GEOGRAPHIC NAME | |
| Geographic name | Israel |
| General subdivision | política y gobierno |
| 9 (RLIN) | 11181 |
| 700 1# - ADDED ENTRY--PERSONAL NAME | |
| Personal name | Benger, Esther, |
| Relator term | traductora |
| 9 (RLIN) | 11182 |
| 942 ## - ADDED ENTRY ELEMENTS (KOHA) | |
| Source of classification or shelving scheme | Dewey Decimal Classification |
| Koha item type | Books |
| Withdrawn status | Lost status | Source of classification or shelving scheme | Damaged status | Not for loan | Home library | Current library | Date acquired | Source of acquisition | Total Checkouts | Full call number | Barcode | Date last seen | Date last checked out | Copy number | Koha item type |
|---|---|---|---|---|---|---|---|---|---|---|---|---|---|---|---|
| Dewey Decimal Classification | Biblioteca Pública José María del Castillo y Rada | Biblioteca Pública José María del Castillo y Rada | 04/15/2018 | Donación | 1 | 956.94 / B456h | 430000519 | 05/16/2024 | 03/23/2023 | Ej.1 | Books |